2022 NCAA Men's Basketball Tournament - Statistics

General Stats
  • This quiz has been taken 252 times
  • The average score is 10 of 16
Answers on the Map
Answers color-coded by a green-red scale on the quiz's map according to % correct below.
 
Answer Stats
Team % Correct
Kansas
93%
Duke
90%
North Carolina
90%
Gonzaga
78%
Michigan
70%
Villanova
67%
Purdue
65%
UCLA
65%
Saint Peter's
56%
Houston
55%
Miami (FL)
54%
Arkansas
53%
Texas Tech
53%
Arizona
49%
Iowa State
38%
Providence
24%
No matching quizzes found
Score Distribution
Percent of People with Each Score
Percentile by Number Answered
Your Score History
You have not taken this quiz